00531nam a2200217Ia 4500003000400000005001700004006001900021007000300040008004100043020001000084024001100094037001200105040002000117041001300137082001900150100001800169245006200187260004000249300001500289490000900304OSt20221006143931.0a|||||r|||| 00| 0 ta221006b |||||||| |||| 00| 0 eng d cP2.70 a10,444 cTextual aEASLcEASLbeng 2engaeng aW:19.730bX, K9 aMAGDOFF Harry 0aAge of imperialismb The economics of U.S. foreign policy aNew York bMonthly Review c1969 a207p.ccm. v Oth